| 000 | 00652nam a2200229 a 4500 | ||
|---|---|---|---|
| 008 | |||
| 020 | _a0892784008 (hbk. ) | ||
| 049 | _aMAIN | ||
| 090 |
_aQP514.2 _bRAW |
||
| 100 | 1 | _aRawn, J. David. | |
| 245 | 1 | 0 |
_aBiochemistry / _cJ. David Rawn. |
| 260 |
_aCambridge : _bHarper and Row, _cc1983. |
||
| 300 |
_axxxi, 1139 p. : _bill. (some col.) ; _c29 cm. |
||
| 504 | _aIncludes bibliographical references. | ||
| 500 | _aIncludes index. | ||
| 650 | 0 | _aBiochemistry. | |
| 907 |
_a.b10105682 _b14-12-12 _c07-01-04 |
||
| 003 | |||
| 005 | 20230123133556.0 | ||
| 040 | _cNUST | ||
| 942 |
_cBOOKS _kQP514.2 _mRAW |
||
| 999 |
_c150983 _d150983 |
||